Светът на картината (Запис номер 135412)
[ съкратено ]
| 000 -Лидер | |
|---|---|
| Контролно поле с фиксирана дължина | 01938nam a2200469 a 4500 |
| 003 - Код на организацията, давaща контролен номер | |
| Контролно поле | BLK |
| 005 - Дата и час на последна редакция | |
| Контролно поле | 20250218102902.0 |
| 008 - Елементи от данни с фиксирана дължина | |
| fixed length control field | 180409b bul|||||r ||||||| ||bul|| |
| 010 ## - Наследен системен номер | |
| LC control number | KNG00141338000 |
| 040 ## - Източник на каталожния запис | |
| Идентификатор на билиотеката - собственик на записа | BLK |
| 041 ## - Код за език | |
| Код за езика на текст/звукозапис или на отделно заглавие | Български |
| Код за езика КДБФ | Български |
| 080 ## - УДК | |
| Текстов определител УДК | История на живописта. Художествени стилове и влияния |
| УДК код - определител по УДК | 75.03 |
| УДК определител | (4-15) |
| УДК - код + определител | 75.03(4-15) |
| 100 1# - Редна дума - Автор | |
| Автор | Ковачевски, Христо Иванов |
| Авторска отговорност | първи автор |
| R(LIN) | 324802 |
| 139 ## - Редно поле | |
| Редна дума | Ковачевски, Христо Иванов |
| Авторски знак | Ковач - К 72 |
| 245 10 - Сведения за заглавието | |
| Заглавие | Светът на картината |
| Редно поле (дума) | Христо Иванов Ковачевски. |
| 250 ## - Област на изданието | |
| Сведения за изданието | 2. изд. |
| 257 ## - Страна на издаване | |
| Страна на създаване/издаване | България |
| 260 ## - Област на издателските данни | |
| Име на издателя, разпространителя и проч. | Бълг. художник |
| Година на издаване | 1984 |
| Място на издаване, разпространение и проч. | София |
| 300 ## - Физическа характеристика | |
| Страници | 200 с. |
| Илюстрации и др. | 28 л. репрод. |
| Размери/Мащаб | 20 см |
| 380 ## - Жанр | |
| Жанр | Изкуство |
| 490 ## - СЕРИИ (Колекции) | |
| Име на серия | Научнопопулярна серия Изкуството и ние |
| 9 (RLIN) | 204757 |
| 500 ## - Общи забележки | |
| Забележка | 1. изд. 1971. - 8 120 тир. - Библиогр. с. 191-193 ; Именен показалец. |
| 650 #4 - Допълнително описание по предмет – тема | |
| Основно описание – тема или топоним | Изкуство, западноевропейско |
| 9 (RLIN) | 287856 |
| 650 #4 - Допълнително описание по предмет – тема | |
| Основно описание – тема или топоним | Живопис, западноевропейска - история |
| 9 (RLIN) | 314117 |
| 651 #0 - Допълнително описание по предмет - топоним | |
| Географско понятие | Западна Европа |
| 9 (RLIN) | 243454 |
| 653 ## - Ключова дума – ненормативна | |
| Ключова дума | изобразително изкуство |
| 653 ## - Ключова дума – ненормативна | |
| Ключова дума | европейска живопис |
| 653 ## - Ключова дума – ненормативна | |
| Ключова дума | художници |
| 653 ## - Ключова дума – ненормативна | |
| Ключова дума | меценати |
| 653 ## - Ключова дума – ненормативна | |
| Ключова дума | изкуствоведи |
| 653 ## - Ключова дума – ненормативна | |
| Ключова дума | колекционери |
| 653 ## - Ключова дума – ненормативна | |
| Ключова дума | музейни сбирки |
| 653 #7 - Ключова дума – ненормативна | |
| Ключова дума | музеи |
| 9 (RLIN) | 191489 |
| 653 #7 - Ключова дума – ненормативна | |
| Ключова дума | фалшификатори |
| 9 (RLIN) | 199180 |
| 852 ## - Местоположение | |
| Форматна сигнатура | Цб 126976 |
| 856 4# - Електронен адрес и достъп | |
| Електронен формат | pdf - файл |
| Инструкция (цена за достъп) | 0.00 |
| Права за достъп | disable |
| 856 4# - Електронен адрес и достъп | |
| Електронен формат | pdf - файл |
| Инструкция (цена за достъп) | 0.00 |
| Права за достъп | disable |
| 999 ## - СИСТЕМНИ КОНТРОЛНИ НОМЕРА | |
| Koha biblionumber | 135412 |
| Koha biblioitemnumber | 135412 |
| 942 ## - АРТИКУЛИ | |
| Вид на библиотечния материал | Книги |
| Скрит в OPAC | Не |
| Периодичен библиозапис | Да |
| 944 ## - СЪЗДАВАНЕ И РЕДАКЦИЯ на ЗАПИСА | |
| Създаване/Редакция | Създаване |
| Дата на регистрацията/редакция | 22.03.2013 |
| Статус, дата на статуса | Геновева Генчева |
| Служител, извършил регистрацията/редакцията | 30560 |
| 944 ## - СЪЗДАВАНЕ И РЕДАКЦИЯ на ЗАПИСА | |
| Създаване/Редакция | Редакция |
| Дата на регистрацията/редакция | 2023-04-21 |
| Служител, извършил регистрацията/редакцията | ир |
| 999 ## - СИСТЕМНИ КОНТРОЛНИ НОМЕРА | |
| Koha biblioitemnumber | 135412 |
| Код за отписване | Код за изгубен артикул | Източник на класификационната схема | Код за повреда | Коз за рестрикции | Код за отдаване | Артикулен № | Име на библиотеката - собственик | Име на библиотеката, в която се намира в момента | Статус (Текущо местоположение) | Дата на вписване в системата | Местоположение - отдел | Цена в лева | Инвентарен номер | Систематично азбучна сигнатура | Баркод | Номер на екземпляра | Цена в евро | Служебна бележка | Служебен тип на артикула |
|---|---|---|---|---|---|---|---|---|---|---|---|---|---|---|---|---|---|---|---|
| Не е изгубен | Universal Decimal Classification | Не е повреден | само за читалня | ползва се в читалня | 221353 | Регионална библиотека "Любен Каравелов" Русе | Регионална библиотека "Любен Каравелов" Русе | Хранилище | 1984-01-01 | Хранилище | 2.44 | 406655 | Цб 126976 | 120000406655 | 1 | 1.25 | Дост: Dp Вид: Д N: стар фонд Дата: 01.01.1984 | Книги | |
| Не е изгубен | Universal Decimal Classification | Не е повреден | без рестрикции | заемане за дома | 221354 | Регионална библиотека "Любен Каравелов" Русе | Регионална библиотека "Любен Каравелов" Русе | Отдел Изкуство - подръчен фонд | 1984-01-01 | Отдел Изкуство - подръчен фонд | 0.01 | 624579 | 75/К 72 | 120000624579 | 2 | 0.01 | Дост: Pk Вид: Ф N: стар фонд Дата: 01.01.1984 Дата инв: 13.02.2015 Бележки инв: ИП2015 | Книги | |
| Изтеглен | Не е изгубен | Universal Decimal Classification | Не е повреден | без рестрикции | заемане за дома | 221355 | Регионална библиотека "Любен Каравелов" Русе | Регионална библиотека "Любен Каравелов" Русе | Отдел Изкуство - подръчен фонд | 1984-01-01 | Отдел Изкуство - подръчен фонд | 2.44 | 625747 | 75/К 72 | 625747 | 3 | 1.25 | Дост: Pk Вид: Ф N: стар фонд Дата: 01.01.1984 Дата инв: 13.02.2015 Бележки инв: ИП2015 | Книги |
| Изтеглен | Не е изгубен | Universal Decimal Classification | Не е повреден | без рестрикции | заемане за дома | 221356 | Регионална библиотека "Любен Каравелов" Русе | Регионална библиотека "Любен Каравелов" Русе | Отдел Изкуство - подръчен фонд | 1984-01-01 | Отдел Изкуство - подръчен фонд | 0.50 | 634270 | 75/К 72 | 634270 | 4 | 0.26 | Дост: Pk Вид: Ф N: стар фонд Дата: 01.01.1984 Дата инв: 13.02.2015 Бележки инв: ИП2015 | Книги |